Statistics for U.S. States with T in their name

Click here to take the quiz!

General Stats

  • This quiz has been taken 51 times
  • The average score is 14 of 15

Answer Stats

# of T'sAnswer% Correct
1Tennessee
100%
1North Carolina
98%
2North Dakota
98%
1South Carolina
98%
2South Dakota
98%
1Texas
98%
1Washington
94%
1Montana
92%
1Kentucky
90%
1Connecticut
88%
1Utah
88%
1Vermont
88%
1West Virginia
88%
1Minnesota
86%
2Massachusetts
80%

Score Distribution

Percentile by Number Answered

Percent of People with Each Score

Your Score History

You have not taken this quiz